000
00498nam a2200181Ia 4500
008
090124s9999 xx 000 0 und d
082
_b
111250
100
_a
खानोलकर चि.त्र्यं.
245
_a
अजगर
250
_a
1
260
_c
1965
300
_a
112
600
_a
खानोलकर चि.त्र्यं.
630
_a
अजगर
700
_a
खानोलकर चि.त्र्यं.
730
_a
अजगर
942
_c
BOOK
999
_c
157341
_d
157341